000 00560nam a2200229Ia 4500
005 20250425162211.0
008 250425s9999 xx 000 0 und d
020 _a8420536490
041 _aspa
082 _a005.132
100 _aHYNES, RICHARD
245 0 _aPROGRAMACION DE BASES DE DATOS CON VISUAL BASIC. NET
250 _a1A ED.
260 _aEspaƱa
_bPEARSON - PRENTICE HALL
_c2003
260 _aMADRID
300 _a384
650 _aBASE DE DATOS
650 _aPROGRAMACION
650 _aVISUAL BASIC
942 _c01
010 _a55733
999 _c224402
_d224402